Innovaciones curriculares en educación media : experiencias de tres colegios chilenos transformando su currículum /

Detalles Bibliográficos
Autor principal: García-Huidobro, Juan Cristóbal, 1979- (Autor)
Otros Autores: Cox D., Cristián (contributor agent of text.)
Formato: Electrónico eBook
Lenguaje:español
Publicado: Santiago de Chile : Ediciones Universidad Alberto Hurtado, [2024]
Colección:Colección Educación (Ediciones Universidad Alberto Hurtado)
Materias:
Acceso en línea:Digitalia Hispánica

MARC

LEADER 00000nam a2200000 i 4500
001 DIGUAH0223
003 NyNyDIG
007 cr |||||||||||
008 250707s2024 cl a ob 000 0 spa d
006 m o d
035 |a (OCoLC)1450330158 
040 |a DGITA  |b eng  |e rda  |e pn  |c DGITA 
020 |a 9789563574739  |q libro digital 
020 |z 9789563574722  |q libro impreso 
043 |a s-cl--- 
050 1 4 |a LA562 ebook 
100 1 |a García-Huidobro, Juan Cristóbal,  |d 1979-  |e author. 
245 1 0 |a Innovaciones curriculares en educación media :  |b experiencias de tres colegios chilenos transformando su currículum /  |c Juan Cristóbal García Huidobro ; con prólogo de Cristián Cox. 
264 1 |a Santiago de Chile :  |b Ediciones Universidad Alberto Hurtado,  |c [2024] 
300 |a 1 online resource :  |b illustrations. 
336 |a text  |b txt  |2 rdacontent 
337 |a computer  |b c  |2 rdamedia 
338 |a online resource  |b cr  |2 rdacarrier 
347 |a text file  |2 rdaft 
347 |b EPUB 
490 1 |a Colección Educación 
504 |a Includes bibliographical references. 
588 0 |a Online resource; title from ePub title page (Digitalia, viewed July 7, 2025) 
650 0 |a Education, Secondary  |z Chile. 
650 0 |a Education, Secondary  |x Curricula  |z Chile. 
650 0 |a Educational change  |z Chile. 
700 1 |a Cox D., Cristián,  |e contributor agent of text. 
791 2 |a Digitalia (Firm),  |e distributor. 
793 0 |g Digitalia eBook Collection:  |a Ediciones Universidad Alberto Hurtado 
776 0 8 |i Print version:  |a García-Huidobro, Juan Cristóbal, 1979-  |t Innovaciones curriculares en educación media.  |d Santiago de Chile : Ediciones Universidad Alberto Hurtado, [2024]  |z 9789563574722 
830 0 |a Colección Educación (Ediciones Universidad Alberto Hurtado) 
856 4 0 |3 Digitalia Hispánica  |u https://www.digitaliapublishing.com/a/175383/ 
910 |a Premium collection: 2025